| 000 | 00491nam a2200145Ia 4500 | ||
|---|---|---|---|
| 008 | 210430s9999 xx 000 0 und d | ||
| 020 | _a9780072402964 | ||
| 082 | _a660.29 S639I | ||
| 100 |
_aSmith, J.M. _944740 |
||
| 245 |
_aIntroduction to chemical engineering thermodynamics 6th/ _cSmith, J.M. |
||
| 260 |
_a[S.l.] : _bMcGraw-Hill Education (ISE Editions), _c2005 |
||
| 300 | _a817 p. ; | ||
| 856 | _uhttp://www.amazon.com/exec/obidos/ASIN/0071247084/chopaconline-20 | ||
| 942 |
_cBK _2ddc |
||
| 999 |
_c563931 _d563931 |
||